000 00573nam a2200205Ia 4500
003 OSt
005 20250714114018.0
008 210210b1995 xxu||||| |||| 00| 0 eng d
040 _cAL
041 _aKannada
082 _a398.2K BHAN
100 _aBHATTA (G S).
_9134196
_dಭಟ್ಟ (ಜಿಎಸ್)
245 _aNenapina rangastala
_b ನೆನಪಿನ ರಂಗಸ್ಥಳ
260 _aSagara
_bAkshara Prakashana
_c1995
300 _a135
650 _aYakshagana shivarama hegde
_9134197
690 _aBiography
_9134198
906 _a050939
942 _2ddc
_cBK
999 _c99704
_d99704